000
00325nam a22001337a 4500
008
170908b xxu||||| |||| 00| 0 eng d
020
_a
0471884901
041
_a
eng
080
_2
3RD
_a
91
100
_a
42
101
_a
GJEO
245
_a
REGIONAL LANDSCAPES OF THE UNITED STATES AND CANADA
_c
BIRDSALL,S.S
942
_2
udc
_c
BK
999
_c
26787
_d
26787